[Event "DBMM 2015 (XV.)"]
[Site "München"]
[Date "2015.10.22"]
[Round "2.1"]
[White "Scharrer, Udo"]
[Black "Schmidt, Konrad"]
[Result "1-0"]
[WhiteElo "1974"]
[BlackElo "1801"]
[PlyCount "72"]
[EventDate "2015.10.22"]
[EventType "team-swiss"]
[EventCountry "GER"]
[WhiteTeam "SG Stern Stuttgart 1"]
[BlackTeam "SG Deutscher Bundestag Bonn 1"]

1. d4 Nf6 2. c4 g6 3. Nc3 d5 4. cxd5 Nxd5 5. e4 Nxc3 6. bxc3 Bg7 7. Qa4+ Nd7 8.
Nf3 O-O 9. Be2 c5 10. Be3 Nf6 11. e5 Nd5 12. Bd2 cxd4 13. cxd4 Bd7 14. Qb3 Bc6
15. O-O Qd7 16. Bc4 Nb6 17. e6 Qd6 18. Bb4 Qf4 19. exf7+ Kh8 20. Be6 Bxf3 21.
gxf3 Bxd4 22. Rae1 Bf6 23. Re4 Qg5+ 24. Kh1 Qb5 25. Rb1 Rad8 26. Rd1 Qg5 27.
Rg4 Qe5 28. Re1 Qc7 29. a4 Kg7 30. Ba3 Nc8 31. Rc1 Qe5 32. Re4 Qh5 33. Bg4 Qd5
34. Qxd5 Rxd5 35. Rc7 Rd1+ 36. Kg2 Nd6 1-0

[Event "DBMM 2015 (XV.)"]
[Site "München"]
[Date "2015.10.22"]
[Round "2.2"]
[White "Stark, Rainer"]
[Black "Bangert, Udo"]
[Result "1/2-1/2"]
[WhiteElo "2090"]
[BlackElo "1904"]
[PlyCount "72"]
[EventDate "2015.10.22"]
[EventType "team-swiss"]
[EventCountry "GER"]
[WhiteTeam "SG Deutscher Bundestag Bonn 1"]
[BlackTeam "SG Stern Stuttgart 1"]

1. d4 Nf6 2. c4 e6 3. g3 d5 4. Bg2 Nbd7 5. Nf3 dxc4 6. O-O c5 7. Na3 cxd4 8.
Qxd4 Be7 9. Nxc4 O-O 10. Nd6 Qb6 11. Nxc8 Raxc8 12. Qxb6 axb6 13. Nd4 Nc5 14.
Be3 Rfd8 15. Rfd1 Nd5 16. Nf5 Bf6 17. Bxd5 exf5 18. Rab1 Rd7 19. b4 Na4 20. Bb3
Rxd1+ 21. Rxd1 Nc3 22. Rd7 Nxe2+ 23. Kf1 Nc3 24. Rxf7 Kh8 25. Bxb6 h6 26. Rxb7
Ne4 27. Be6 Rc1+ 28. Kg2 g6 29. Be3 Rc2 30. a4 Nxf2 31. Bxf2 Bd4 32. a5 Rxf2+
33. Kh1 Rf1+ 34. Kg2 Rf2+ 35. Kh1 Rf1+ 36. Kg2 Rf2+ 1/2-1/2

[Event "DBMM 2015 (XV.)"]
[Site "München"]
[Date "2015.10.22"]
[Round "2.3"]
[White "Pillath, Marcus"]
[Black "Stamer, Martin"]
[Result "1/2-1/2"]
[WhiteElo "1631"]
[BlackElo "1900"]
[PlyCount "35"]
[EventDate "2015.10.22"]
[EventType "team-swiss"]
[EventCountry "GER"]
[WhiteTeam "SG Stern Stuttgart 1"]
[BlackTeam "SG Deutscher Bundestag Bonn 1"]

1. Nf3 Nc6 2. d4 d5 3. Bf4 Bf5 4. c3 h6 5. Qb3 b6 6. e3 Na5 7. Qd1 Nf6 8. Nbd2
e6 9. h3 Bd6 10. Bxd6 Qxd6 11. Be2 c5 12. O-O O-O 13. Nb3 Nxb3 14. axb3 Rfc8
15. Ba6 Rc7 16. Bd3 Bxd3 17. Qxd3 Ne4 18. Nd2 1/2-1/2

[Event "DBMM 2015 (XV.)"]
[Site "München"]
[Date "2015.10.22"]
[Round "2.4"]
[White "Müller, Franz Helmut"]
[Black "Molzan, Andreas"]
[Result "1/2-1/2"]
[WhiteElo "1700"]
[BlackElo "1255"]
[PlyCount "85"]
[EventDate "2015.10.22"]
[EventType "team-swiss"]
[EventCountry "GER"]
[WhiteTeam "SG Deutscher Bundestag Bonn 1"]
[BlackTeam "SG Stern Stuttgart 1"]

1. e4 e5 2. Nf3 Nc6 3. Nc3 Bc5 4. a3 Nf6 5. Bc4 d6 6. O-O Bg4 7. h3 Bh5 8. d3
Nd4 9. g4 Bg6 10. b4 Nxf3+ 11. Qxf3 Bd4 12. Bd2 Qd7 13. Ra2 O-O-O 14. Ne2 h5
15. g5 Nh7 16. Kg2 f6 17. h4 fxg5 18. hxg5 Rdf8 19. Nxd4 Rxf3 20. Be6 Qxe6 21.
Nxe6 Rf7 22. f4 exf4 23. Nxf4 Rhf8 24. c4 Kd7 25. Be3 c6 26. Raf2 Bxe4+ 27.
dxe4 Nxg5 28. Ng6 Rxf2+ 29. Rxf2 Rxf2+ 30. Kxf2 Nxe4+ 31. Kg2 Ke6 32. Nf4+ Kf5
33. Nxh5 g5 34. Bxa7 Nd2 35. Ng3+ Ke5 36. c5 d5 37. Bb8+ Kd4 38. Nf5+ Kc4 39.
Nd6+ Kb3 40. Nxb7 Kxa3 41. Na5 Kxb4 42. Nxc6+ Kxc5 43. Ne5 1/2-1/2

[Event "DBMM 2015 (XV.)"]
[Site "München"]
[Date "2015.10.22"]
[Round "2.1"]
[White "Gebert-Vangeel, Ralf"]
[Black "Weidl, Robert"]
[Result "0-1"]
[WhiteElo "2041"]
[BlackElo "1875"]
[PlyCount "80"]
[EventDate "2015.10.22"]
[EventType "team-swiss"]
[EventCountry "GER"]
[WhiteTeam "SV Osram Berlin 1"]
[BlackTeam "ADAC München 2"]

1. e4 c5 2. Nf3 d6 3. d4 cxd4 4. Nxd4 Nf6 5. Nc3 a6 6. Be3 Nbd7 7. Be2 Nc5 8.
f3 e6 9. Qd2 Be7 10. b4 Ncd7 11. b5 Qc7 12. O-O Ne5 13. Bf2 O-O 14. b6 Qd8 15.
a4 Bd7 16. Nb3 Qc8 17. Nd1 d5 18. exd5 Nxd5 19. Bd4 Nc6 20. Bf2 Bb4 21. c3 Na5
22. Nxa5 Bxa5 23. Bd4 Bxb6 24. c4 Bxd4+ 25. Qxd4 Nf6 26. a5 Bc6 27. Nf2 Rd8 28.
Qb6 Rd2 29. Bd3 Qd7 30. Qe3 Rb2 31. Rfd1 Qc7 32. Qd4 Rb4 33. Qc3 Ra4 34. Rxa4
Bxa4 35. Qb4 Bxd1 36. Nxd1 Rd8 37. Nf2 Rd4 38. Qc3 e5 39. g3 Nd5 40. Qb3 Ne7
0-1

[Event "DBMM 2015 (XV.)"]
[Site "München"]
[Date "2015.10.22"]
[Round "2.2"]
[White "Obermeier, Karlheinz"]
[Black "Müller, Gerd"]
[Result "1-0"]
[WhiteElo "1522"]
[BlackElo "1820"]
[PlyCount "107"]
[EventDate "2015.10.22"]
[EventType "team-swiss"]
[EventCountry "GER"]
[WhiteTeam "ADAC München 2"]
[BlackTeam "SV Osram Berlin 1"]

1. d4 Nf6 2. c4 e6 3. e3 Bb4+ 4. Bd2 Qe7 5. Nc3 d5 6. a3 Bxc3 7. Bxc3 b6 8. Nf3
Ne4 9. cxd5 Nxc3 10. bxc3 exd5 11. Ne5 O-O 12. Bb5 Bb7 13. O-O a6 14. Bd3 f6
15. Nf3 Nd7 16. Qc2 g6 17. Nd2 f5 18. Rfe1 Rae8 19. Qa4 c5 20. Qc2 Rf6 21. Bf1
Rc6 22. Qa2 Re6 23. Rab1 Kg7 24. a4 f4 25. Nf3 fxe3 26. fxe3 Rxe3 27. Qd2 c4
28. Ne5 Rxe1 29. Rxe1 Nf6 30. Re3 Ne4 31. Qe1 Qc7 32. Rh3 Bc8 33. Re3 Bf5 34.
h3 b5 35. axb5 axb5 36. g4 Bd7 37. Bg2 Bc6 38. Qh4 h6 39. Qe1 Bb7 40. h4 Rf8
41. g5 hxg5 42. hxg5 Qe7 43. Qh4 Nxg5 44. Qg4 Qf6 45. Qd7+ Kg8 46. Kh2 Qf4+ 47.
Rg3 Qh4+ 48. Bh3 Rf2+ 49. Rg2 Qf4+ 50. Kh1 Rf1+ 51. Rg1 Qe4+ 52. Kh2 Qf4+ 53.
Kh1 Qe4+ 54. Kh2 1-0

[Event "DBMM 2015 (XV.)"]
[Site "München"]
[Date "2015.10.22"]
[Round "2.1"]
[White "Hähnle, Bernd"]
[Black "Eggenstein, Frank"]
[Result "1-0"]
[WhiteElo "1959"]
[BlackElo "2013"]
[PlyCount "73"]
[EventDate "2015.10.22"]
[EventType "swiss"]
[EventCountry "GER"]
[WhiteTeam "Kreissparkasse Heilbronn 1"]
[BlackTeam "RWE Essen 1"]

1. d4 Nf6 2. Nf3 g6 3. Nc3 Bg7 4. e4 d6 5. Be3 O-O 6. Qd2 Re8 7. O-O-O c6 8.
Bh6 Bh8 9. h4 Ng4 10. h5 b5 11. hxg6 hxg6 12. Ng5 Qc7 13. f3 Nxh6 14. Rxh6 Bg7
15. Rh4 f6 16. Nh3 Nd7 17. g4 e5 18. d5 b4 19. dxc6 bxc3 20. Qd5+ Kf8 21. Bc4
cxb2+ 22. Kb1 Nb6 23. Qg8+ Ke7 24. Qxg7+ Kd8 25. Qxf6+ Qe7 26. Rxd6+ Kc7 27.
Qxg6 Qxh4 28. Bb3 Qe7 29. Rf6 Rf8 30. Rxf8 Qxf8 31. Ng5 Qe7 32. Kxb2 a5 33. a4
Rb8 34. Ka2 Ra8 35. Nf7 Ra7 36. Qg7 Kb8 37. Qxe5+ 1-0

[Event "DBMM 2015 (XV.)"]
[Site "München"]
[Date "2015.10.22"]
[Round "2.2"]
[White "Broksch, Dirk"]
[Black "Kern, Hans-Joachim"]
[Result "1-0"]
[WhiteElo "1917"]
[BlackElo "1719"]
[PlyCount "89"]
[EventDate "2015.10.22"]
[EventType "team-swiss"]
[EventCountry "GER"]
[WhiteTeam "RWE Essen 1"]
[BlackTeam "Kreissparkasse Heilbronn 1"]

1. e4 c6 2. d4 d5 3. e5 Bf5 4. Bd3 Qc8 5. Ne2 Bxd3 6. Qxd3 e6 7. O-O c5 8. c3
Nc6 9. f4 cxd4 10. Nxd4 Bc5 11. Be3 Nge7 12. g4 g6 13. Nd2 a6 14. Kg2 Ba7 15.
a3 h5 16. h3 Qd7 17. N2f3 Na5 18. Bf2 Nec6 19. Bh4 Nxd4 20. cxd4 hxg4 21. hxg4
Qb5 22. Qxb5+ axb5 23. Bf6 Rg8 24. Rac1 Kd7 25. Kf2 Nb3 26. Rcd1 Rac8 27. Ke3
Rc2 28. Rf2 Rgc8 29. Rdf1 R8c4 30. Rxc2 Rxc2 31. Rb1 Rg2 32. g5 Bb6 33. Rh1
Rxb2 34. Rh7 Nxd4 35. Rxf7+ Kc8 36. Rf8+ Kc7 37. Bd8+ Kc6 38. Nxd4+ Bxd4+ 39.
Kxd4 b4 40. axb4 Rxb4+ 41. Kc3 Rc4+ 42. Kb3 b5 43. Ba5 Ra4 44. Bb4 d4 45. Rd8
1-0

[Event "DBMM 2015 (XV.)"]
[Site "München"]
[Date "2015.10.22"]
[Round "2.3"]
[White "Metzger, Kai"]
[Black "Gielisch, Eckhart"]
[Result "0-1"]
[WhiteElo "1559"]
[BlackElo "1758"]
[PlyCount "126"]
[EventDate "2015.10.22"]
[EventType "team-swiss"]
[EventCountry "GER"]
[WhiteTeam "Kreissparkasse Heilbronn 1"]
[BlackTeam "RWE Essen 1"]

1. e4 e6 2. d4 d5 3. exd5 exd5 4. Bd3 Nf6 5. Bg5 Be7 6. Nd2 O-O 7. Ngf3 Bg4 8.
h3 Bh5 9. g4 Bg6 10. Bxg6 fxg6 11. Ne5 Nbd7 12. Qe2 c5 13. O-O-O cxd4 14. Nb3
Ne4 15. Bxe7 Qxe7 16. Nxd7 Qxd7 17. Rxd4 Nxf2 18. Rh2 Rae8 19. Qd2 Ne4 20. Qd3
Qc7 21. Rg2 Qf4+ 22. Rd2 Qf1+ 23. Qxf1 Rxf1+ 24. Rd1 Rxd1+ 25. Rxd1 Re5 26. Re1
Kf7 27. Nc5 b6 28. Nxe4 dxe4 29. Kd2 Kf6 30. h4 g5 31. Rf1+ Kg6 32. h5+ Kh6 33.
Ke3 g6 34. Rf6 Kg7 35. Rd6 gxh5 36. Rd7+ Kg6 37. gxh5+ Kxh5 38. Rxh7+ Kg4 39.
Rxa7 Kg3 40. Ra3 Kg2 41. Rb3 Re6 42. Rb5 g4 43. Rf5 g3 44. Rh5 Kg1 45. Ke2 Rf6
46. Ke3 Rf2 47. Kxe4 Rh2 48. Rf5 g2 49. Rd5 Kh1 50. Rd1+ g1=Q 51. Rxg1+ Kxg1
52. Kd3 Kf2 53. a3 Kf3 54. b4 Kf4 55. Kc3 Rh3+ 56. Kb2 b5 57. c3 Ke4 58. Kb3
Kd5 59. a4 bxa4+ 60. Kxa4 Rxc3 61. Kb5 Rb3 62. Ka5 Kc6 63. Ka4 Rb1 0-1

[Event "DBMM 2015 (XV.)"]
[Site "München"]
[Date "2015.10.22"]
[Round "2.1"]
[White "FM Koscielski, Janusz"]
[Black "Piotrowski, Roger"]
[Result "1-0"]
[WhiteElo "2376"]
[BlackElo "1734"]
[PlyCount "29"]
[EventDate "2015.10.22"]
[EventType "team-swiss"]
[EventCountry "GER"]
[WhiteTeam "EKJ Herne und Wanne-Eickel 1"]
[BlackTeam "Telestern Berlin 1"]

1. e4 c5 2. Nf3 Nc6 3. d4 cxd4 4. Nxd4 Nf6 5. Nc3 g6 6. Nxc6 bxc6 7. e5 Nh5 8.
Be2 Ng7 9. O-O d5 10. exd6 exd6 11. Bf3 Bd7 12. Qd4 Rg8 13. Ne4 Nf5 14. Nf6+
Ke7 15. Nxg8+ 1-0

[Event "DBMM 2015 (XV.)"]
[Site "München"]
[Date "2015.10.22"]
[Round "2.2"]
[White "Norris, Ray"]
[Black "WFM Leveikina, Jevgenija"]
[Result "0-1"]
[WhiteElo "1725"]
[BlackElo "2137"]
[PlyCount "34"]
[EventDate "2015.10.22"]
[EventType "team-swiss"]
[EventCountry "GER"]
[WhiteTeam "Telestern Berlin 1"]
[BlackTeam "EKJ Herne und Wanne-Eickel 1"]

1. Nf3 d5 2. g3 Nf6 3. Bg2 c6 4. O-O Bf5 5. d3 e6 6. Nbd2 h6 7. c3 Nbd7 8. c4
Be7 9. Re1 Bh7 10. b3 O-O 11. Bb2 a5 12. a3 Bc5 13. cxd5 exd5 14. Rc1 Qe7 15.
Ra1 Bxf2+ 16. Kxf2 Ng4+ 17. Kg1 Qe3+ 0-1

[Event "DBMM 2015 (XV.)"]
[Site "München"]
[Date "2015.10.22"]
[Round "2.3"]
[White "Selmanaj, Agim"]
[Black "Kleinwächter, Manfred"]
[Result "1-0"]
[WhiteElo "1599"]
[BlackElo "1533"]
[PlyCount "87"]
[EventDate "2015.10.22"]
[EventType "team-swiss"]
[EventCountry "GER"]
[WhiteTeam "EKJ Herne und Wanne-Eickel 1"]
[BlackTeam "Telestern Berlin 1"]

1. e4 e6 2. Nc3 d5 3. exd5 exd5 4. d3 Nf6 5. Nf3 Bd6 6. Qe2+ Be6 7. Bg5 c6 8.
a3 Nbd7 9. O-O-O h6 10. Bh4 Qc7 11. Bg3 O-O-O 12. Bxd6 Qxd6 13. h3 Rhe8 14. Qd2
Nc5 15. Nd4 Bd7 16. g4 Ne6 17. Nf5 Qf8 18. Bg2 Nc5 19. Nd4 g5 20. f4 gxf4 21.
Qxf4 Qg7 22. Rhf1 Ne6 23. Qxf6 Qxf6 24. Rxf6 Nxd4 25. Rxf7 Re3 26. Rdf1 Rde8
27. Rf8 Ne2+ 28. Kd1 Ng3 29. Rxe8+ Rxe8 30. Rf3 d4 31. Rxg3 dxc3 32. bxc3 Re5
33. d4 Rg5 34. Bf3 h5 35. h4 Rg7 36. g5 Be8 37. Be4 Bd7 38. Kd2 Bg4 39. Ke3 Kc7
40. Rg2 Re7 41. Rf2 Kd6 42. Rf6+ Re6 43. Kf4 Ke7 44. Rh6 1-0

[Event "DBMM 2015 (XV.)"]
[Site "München"]
[Date "2015.10.22"]
[Round "2.4"]
[White "Fischer, Elmar"]
[Black "Rhein, Volker"]
[Result "1-0"]
[WhiteElo "1625"]
[BlackElo "1300"]
[PlyCount "69"]
[EventDate "2015.10.22"]
[EventType "team-swiss"]
[EventCountry "GER"]
[WhiteTeam "Telestern Berlin 1"]
[BlackTeam "EKJ Herne und Wanne-Eickel 1"]

1. e4 e5 2. Nf3 Nc6 3. Bb5 a6 4. Ba4 b5 5. Bb3 d6 6. c3 Be7 7. d4 exd4 8. cxd4
Bf6 9. h3 Nge7 10. O-O O-O 11. Re1 Ng6 12. Nc3 Bb7 13. Bc2 Re8 14. Be3 h6 15.
a4 b4 16. Nd5 a5 17. Rc1 Rb8 18. Nf4 Nxf4 19. Bxf4 Ba8 20. e5 dxe5 21. dxe5 Be7
22. Be4 Qxd1 23. Rexd1 Nd8 24. Bxa8 Rxa8 25. Nd4 c5 26. Nb5 Ne6 27. Bg3 Red8
28. Nd6 f6 29. f4 Nd4 30. Rxc5 Ne2+ 31. Kh2 Nxg3 32. Kxg3 Ra6 33. Rcd5 fxe5 34.
fxe5 Bg5 35. Nf5 1-0

[Event "DBMM 2015 (XV.)"]
[Site "München"]
[Date "2015.10.22"]
[Round "2.1"]
[White "Quast, Michael"]
[Black "Capris, Marius"]
[Result "0-1"]
[WhiteElo "1760"]
[BlackElo "1952"]
[PlyCount "77"]
[EventDate "2015.10.22"]
[EventType "team-swiss"]
[EventCountry "GER"]
[WhiteTeam "Bezirksamt Berlin Tempelhof 2"]
[BlackTeam "Fiducia IT 1"]

1. b3 d5 2. Bb2 c5 3. e3 Nc6 4. Bb5 Bd7 5. f4 a6 6. Bxc6 Bxc6 7. Nf3 Nf6 8. Ne5
Qc7 9. O-O e6 10. d3 O-O-O 11. Nd2 Ne8 12. Ndf3 f6 13. Nxc6 Qxc6 14. Rb1 Nd6
15. Qe2 Be7 16. Rfc1 Nf5 17. a4 Kb8 18. c4 d4 19. e4 Ne3 20. b4 Qc7 21. e5 g5
22. bxc5 gxf4 23. Bxd4 Rxd4 24. Nxd4 Rg8 25. c6 b6 26. Qf3 Nxg2 27. Kh1 Nh4 28.
Qe4 f5 29. Nxf5 exf5 30. Qd5 Rd8 31. Qe6 Bd6 32. Qd5 Bxe5 33. Rxb6+ Qxb6 34.
Qxe5+ Ka8 35. Qf6 Rc8 36. Qxh4 Qxc6+ 37. Kg1 Rg8+ 38. Kf2 Qg2+ 39. Ke1 0-1

[Event "DBMM 2015 (XV.)"]
[Site "München"]
[Date "2015.10.22"]
[Round "2.2"]
[White "Kühn, Patrick"]
[Black "Frahm, Werner"]
[Result "1-0"]
[WhiteElo "2206"]
[BlackElo "1570"]
[PlyCount "45"]
[EventDate "2015.10.22"]
[EventType "swiss"]
[EventCountry "GER"]
[WhiteTeam "Fiducia IT 1"]
[BlackTeam "Bezirksamt Berlin Tempelhof 2"]

1. e4 c5 2. Nf3 Nc6 3. Nc3 e6 4. g3 Nf6 5. Bg2 d6 6. O-O Be7 7. d3 O-O 8. h3
Rb8 9. a4 b6 10. Ne1 Bb7 11. f4 Nd4 12. Be3 Qd7 13. g4 Bc6 14. g5 Ne8 15. h4 f5
16. Nf3 Nxf3+ 17. Qxf3 g6 18. Qh3 Nc7 19. h5 Qe8 20. Bf3 Rd8 21. Rf2 Kf7 22.
hxg6+ hxg6 23. Qh7# 1-0

[Event "DBMM 2015 (XV.)"]
[Site "München"]
[Date "2015.10.22"]
[Round "2.3"]
[White "Wolf, Wilfried"]
[Black "Hofbauer, Bernhard"]
[Result "1/2-1/2"]
[WhiteElo "1526"]
[BlackElo "1954"]
[PlyCount "70"]
[EventDate "2015.10.22"]
[EventType "team-swiss"]
[EventCountry "GER"]
[WhiteTeam "Bezirksamt Berlin Tempelhof 2"]
[BlackTeam "Fiducia IT 1"]

1. e4 c6 2. d4 d5 3. exd5 cxd5 4. Nf3 Nc6 5. Be2 Bf5 6. c3 e6 7. O-O Bd6 8.
Nbd2 Nf6 9. h3 Rc8 10. Nh4 Bg6 11. Nxg6 hxg6 12. Bf3 Bb8 13. Bg4 Qd6 14. g3 Nh5
15. Bxh5 Rxh5 16. Kg2 Kd7 17. Nf3 Qe7 18. Bd2 Rch8 19. Rh1 f6 20. Qe2 e5 21.
dxe5 Nxe5 22. Qb5+ Kc8 23. Nxe5 Rxe5 24. Bf4 Re2 25. Qxd5 Bxf4 26. gxf4 Rd8 27.
Qc4+ Kb8 28. Rad1 Re8 29. Rd3 Rxb2 30. Rhd1 a6 31. Rd7 Qe3 32. Qc7+ Ka7 33. Rf1
Qe4+ 34. Kg1 Qf3 35. Qc5+ Ka8 1/2-1/2

[Event "DBMM 2015 (XV.)"]
[Site "München"]
[Date "2015.10.22"]
[Round "2.4"]
[White "Strasser, Josef"]
[Black "Warnest, Stefan"]
[Result "1-0"]
[WhiteElo "1881"]
[BlackElo "1507"]
[PlyCount "65"]
[EventDate "2015.10.22"]
[EventType "team-swiss"]
[EventCountry "GER"]
[WhiteTeam "Fiducia IT 1"]
[BlackTeam "Bezirksamt Berlin Tempelhof 2"]

1. e4 c6 2. d4 d5 3. e5 Bf5 4. Nf3 e6 5. Be3 Nd7 6. Be2 c5 7. O-O c4 8. a4 a5
9. Nc3 Ne7 10. Nb5 Nc6 11. c3 f6 12. exf6 Nxf6 13. Bf4 Rc8 14. Nh4 Be7 15. Nxf5
exf5 16. Qc2 g6 17. Bh6 Kf7 18. Bf3 Ne4 19. Bxe4 dxe4 20. f3 Qd5 21. fxe4 Qd7
22. exf5 gxf5 23. Rxf5+ Ke8 24. Re1 Kd8 25. d5 Bc5+ 26. Kh1 Ne7 27. Bg5 Re8 28.
Rfe5 Bd6 29. Nxd6 Qxd6 30. Rxe7 Rxe7 31. Bxe7+ Qxe7 32. Rxe7 Kxe7 33. Qxh7+ 1-0

[Event "DBMM 2015 (XV.)"]
[Site "München"]
[Date "2015.10.22"]
[Round "2.3"]
[White "Basteck, Reiner"]
[Black "Lindemann, Thomas"]
[Result "1-0"]
[WhiteElo "1648"]
[BlackElo "1552"]
[PlyCount "45"]
[EventDate "2015.10.22"]
[EventType "team-swiss"]
[EventCountry "GER"]
[WhiteTeam "Transit Hühnerposten Hamburg 2"]
[BlackTeam "Baubehörde Hamburg 2"]

1. d4 d5 2. Nf3 Nc6 3. c4 e6 4. e3 Nf6 5. Nc3 Bb4 6. Bd2 Bxc3 7. bxc3 dxc4 8.
Bxc4 Na5 9. Bd3 Bd7 10. c4 Nc6 11. O-O a6 12. Rb1 Rb8 13. Qc2 Ne7 14. e4 g6 15.
h3 b5 16. Bc3 bxc4 17. Bxc4 Bb5 18. Bxb5+ axb5 19. d5 Neg8 20. dxe6 fxe6 21.
Rfd1 Qe7 22. Be5 Rb7 23. Qc6+ 1-0

[Event "DBMM 2015 (XV.)"]
[Site "München"]
[Date "2015.10.22"]
[Round "2.1"]
[White "Jacobsen, Rüdiger"]
[Black "Ungerer, Markus"]
[Result "0-1"]
[WhiteElo "1523"]
[BlackElo "2131"]
[PlyCount "62"]
[EventDate "2015.10.22"]
[EventType "team-swiss"]
[EventCountry "GER"]
[WhiteTeam "SG Airbus Bremen 1"]
[BlackTeam "Wüstenrot & Württembergische 1"]

1. e4 c5 2. Nc3 Nc6 3. Nf3 e5 4. Bc4 Be7 5. d3 Nf6 6. a3 O-O 7. Nd5 d6 8. Nxe7+
Qxe7 9. c3 Na5 10. Ba2 h6 11. b4 Nc6 12. h3 b5 13. O-O a5 14. Bd5 Bb7 15. bxc5
dxc5 16. c4 bxc4 17. Bxc4 Rfd8 18. Qc2 Nd4 19. Nxd4 cxd4 20. f4 Rac8 21. fxe5
Qxe5 22. Rf5 Qe7 23. Qf2 Bxe4 24. Bxf7+ Qxf7 25. dxe4 Qg6 26. g4 Nxe4 27. Qa2+
Kh7 28. Qf7 Ng3 29. Qxg6+ Kxg6 30. Rf2 d3 31. Kg2 Ne4 0-1

[Event "DBMM 2015 (XV.)"]
[Site "München"]
[Date "2015.10.23"]
[Round "3.1"]
[White "GM Nikolic, Predrag"]
[Black "Bintakies, Michael"]
[Result "1-0"]
[WhiteElo "2603"]
[BlackElo "2190"]
[PlyCount "45"]
[EventDate "2015.10.22"]
[EventType "swiss"]
[EventRounds "7"]
[EventCountry "GER"]
[WhiteTeam "Europäisches Patentamt Mü. 1"]
[BlackTeam "Bayerische Landesbank 1"]

1. d4 f5 2. e4 fxe4 3. Nc3 Nf6 4. Bg5 g6 5. h4 Bg7 6. h5 d5 7. h6 Bf8 8. f3 Qd6
9. Qd2 exf3 10. O-O-O Bg4 11. gxf3 Bf5 12. Re1 Nbd7 13. Nb5 Qb6 14. Bf4 Rc8 15.
Nh3 a6 16. Nc3 e6 17. Ng5 Bb4 18. Bd3 O-O 19. Bxf5 exf5 20. a3 Bd6 21. Bxd6
Qxd6 22. Re6 Qg3 23. Rh3 1-0

[Event "DBMM 2015 (XV.)"]
[Site "München"]
[Date "2015.10.23"]
[Round "3.2"]
[White "Bonacci, Mauro"]
[Black "Moufang, Rainer"]
[Result "0-1"]
[WhiteElo "2142"]
[BlackElo "2304"]
[PlyCount "86"]
[EventDate "2015.10.22"]
[EventType "team-swiss"]
[EventRounds "7"]
[EventCountry "GER"]
[WhiteTeam "Bayerische Landesbank 1"]
[BlackTeam "Europäisches Patentamt Mü. 1"]

1. e4 c5 2. Nc3 Nc6 3. g3 g6 4. Bg2 Bg7 5. d3 e6 6. Be3 d6 7. Qd2 Rb8 8. Nge2
b5 9. d4 b4 10. Nd1 cxd4 11. Nxd4 Nge7 12. O-O O-O 13. Nxc6 Nxc6 14. Bh6 Qc7
15. Bxg7 Kxg7 16. Ne3 Rd8 17. f4 Qb6 18. Rad1 d5 19. Qf2 Ba6 20. exd5 Bxf1 21.
Rxf1 Ne7 22. dxe6 fxe6 23. g4 Rf8 24. Be4 Qd4 25. Bd3 e5 26. f5 e4 27. Bc4 Qxb2
28. Qh4 Qe5 29. Qg5 h6 30. Qh4 g5 31. Qe1 Rb6 32. Kg2 Rd8 33. Bb3 Qd4 34. Qg3
Qc3 35. Kh1 Kf6 36. h4 Rbd6 37. hxg5+ hxg5 38. Qh2 Kg7 39. Qf2 Rh8+ 40. Kg1
Rdh6 41. f6+ Rxf6 42. Nf5+ Nxf5 43. gxf5 Qc7 0-1

[Event "DBMM 2015 (XV.)"]
[Site "München"]
[Date "2015.10.23"]
[Round "3.3"]
[White "Maric, Viktor"]
[Black "Schmidt, Hans"]
[Result "1/2-1/2"]
[WhiteElo "2285"]
[BlackElo "2064"]
[PlyCount "46"]
[EventDate "2015.10.22"]
[EventType "swiss"]
[EventRounds "7"]
[EventCountry "GER"]
[WhiteTeam "Europäisches Patentamt Mü. 1"]
[BlackTeam "Bayerische Landesbank 1"]

1. e4 c6 2. d4 d5 3. exd5 cxd5 4. c4 Nf6 5. Nc3 e6 6. Nf3 Be7 7. Bg5 O-O 8. Bd3
Nbd7 9. O-O h6 10. Bh4 dxc4 11. Bxc4 a6 12. a4 Nb6 13. Ba2 Nfd5 14. Bg3 Nxc3
15. bxc3 Nd5 16. Qb3 b5 17. Bb1 Bd7 18. axb5 axb5 19. Bd3 Bc6 20. Ne5 Rxa1 21.
Rxa1 Qb6 22. Rc1 Be8 23. c4 bxc4 1/2-1/2

[Event "DBMM 2015 (XV.)"]
[Site "München"]
[Date "2015.10.23"]
[Round "3.4"]
[White "Heer, Stephan"]
[Black "Luft, Martin"]
[Result "1/2-1/2"]
[WhiteElo "2127"]
[BlackElo "2114"]
[PlyCount "64"]
[EventDate "2015.10.22"]
[EventType "team-swiss"]
[EventRounds "7"]
[EventCountry "GER"]
[WhiteTeam "Bayerische Landesbank 1"]
[BlackTeam "Europäisches Patentamt Mü. 1"]

1. d4 Nf6 2. Nf3 e6 3. e3 c5 4. Bd3 d5 5. b3 cxd4 6. exd4 b6 7. Qe2 Be7 8. Bb2
O-O 9. Nbd2 Nc6 10. a3 Bb7 11. O-O g6 12. Rfe1 Nh5 13. Qe3 Ng7 14. Qh6 f5 15.
h4 e5 16. dxe5 Ne6 17. h5 Qe8 18. b4 Qf7 19. Nb3 a6 20. hxg6 Qxg6 21. Qxg6+
hxg6 22. Nbd4 Ncd8 23. Nxe6 Nxe6 24. Nd4 Kf7 25. Nxe6 Kxe6 26. Bd4 b5 27. Bc5
Rh8 28. a4 Bc6 29. axb5 axb5 30. Ba7 Rh7 31. Ra6 Kd7 32. Rea1 Rah8 1/2-1/2

[Event "DBMM 2015 (XV.)"]
[Site "München"]
[Date "2015.10.23"]
[Round "3.1"]
[White "IM Safyanowsky, Mark"]
[Black "FM Schramm, Christian"]
[Result "1/2-1/2"]
[WhiteElo "2248"]
[BlackElo "2390"]
[PlyCount "32"]
[EventDate "2015.10.22"]
[EventType "swiss"]
[EventRounds "7"]
[EventCountry "GER"]
[WhiteTeam "SV Osram Augsburg 1"]
[BlackTeam "Allianz Global Investors Ffm 1"]

1. Nf3 c5 2. g3 Nc6 3. Bg2 Nf6 4. O-O e5 5. c4 Be7 6. Nc3 O-O 7. Ne1 Re8 8. Nc2
Bf8 9. d3 d6 10. Ne3 Rb8 11. a3 Bd7 12. Rb1 a6 13. b4 b6 14. Ned5 Nxd5 15. Nxd5
Nd4 16. e3 Ne6 1/2-1/2

[Event "DBMM 2015 (XV.)"]
[Site "München"]
[Date "2015.10.23"]
[Round "3.2"]
[White "FM Guth, Thomas"]
[Black "Demir, Bilal"]
[Result "1-0"]
[WhiteElo "2223"]
[BlackElo "2099"]
[PlyCount "57"]
[EventDate "2015.10.22"]
[EventType "swiss"]
[EventRounds "7"]
[EventCountry "GER"]
[WhiteTeam "Allianz Global Investors Ffm 1"]
[BlackTeam "SV Osram Augsburg 1"]

1. e4 e5 2. Bc4 Nf6 3. Nc3 c6 4. Nf3 d5 5. exd5 e4 6. Qe2 cxd5 7. Bb5+ Bd7 8.
Ne5 Nc6 9. Nxd7 Qxd7 10. d3 Bb4 11. O-O O-O 12. Bg5 Nd4 13. Bxd7 Nxe2+ 14. Nxe2
Nxd7 15. dxe4 f6 16. Be3 dxe4 17. Rfd1 Ne5 18. Rd4 Bc5 19. Rxe4 Bxe3 20. fxe3
Rac8 21. c3 Rfe8 22. Rb4 Nc4 23. Rxb7 Rxe3 24. Nd4 Rce8 25. h3 h5 26. Rf1 Nd2
27. Rd1 Rd3 28. Rc1 Kh7 29. Rxa7 1-0

[Event "DBMM 2015 (XV.)"]
[Site "München"]
[Date "2015.10.23"]
[Round "3.3"]
[White "Czap, Bernhard"]
[Black "FM Wahedi, Ahmad Siar"]
[Result "0-1"]
[WhiteElo "2073"]
[BlackElo "2286"]
[PlyCount "68"]
[EventDate "2015.10.22"]
[EventType "swiss"]
[EventRounds "7"]
[EventCountry "GER"]
[WhiteTeam "SV Osram Augsburg 1"]
[BlackTeam "Allianz Global Investors Ffm 1"]

1. Nf3 g6 2. c4 Bg7 3. d4 Nf6 4. g3 d5 5. cxd5 Nxd5 6. Bg2 O-O 7. O-O c6 8. Nc3
Nc7 9. Bf4 Nd7 10. Qd2 Re8 11. Bh6 Bh8 12. Rfd1 Nf8 13. Rac1 Bg4 14. h3 Bxf3
15. Bxf3 Qd7 16. Bg4 Nfe6 17. e3 Rad8 18. b4 Nd5 19. a3 Nxc3 20. Qxc3 Qd5 21.
Qc4 Qxc4 22. Rxc4 Nc7 23. a4 a6 24. Rb1 e5 25. dxe5 Bxe5 26. Rc2 Nd5 27. Rb3
Nb6 28. Ra2 Nc4 29. e4 Bf6 30. b5 axb5 31. axb5 c5 32. Ra7 Nd6 33. f3 c4 34.
Rb1 Bd4+ 0-1